000 00353nam a2200145Ia 4500
008 220216s9999 xx 000 0 und d
100 _aBrazier S A
245 0 _aRubber in chemical equipment
260 _bIRI Transactions
_c1938
300 _a162-190
650 _aChemical equipment
650 _aSoft rubber
700 _aThompson G
942 _cJS
999 _c67662
_d67662